00548nam a2200169Ia 4500008004000000082001300040100003000053245004200083250000500125260004100130300001300171650002200184690002200206906001100228999001700239952012200256210210b1976 xxu||||| |||| 00| 0 eng d a547 BAHT aBAHL (B S) & BAHL (Arun). aText book of organic chemistry.Ed 11. a aNew DelhibS. Chand & Co. Ltd.c1976 aviii,912 aOrganic chemistry aOrganic Chemistry a033616 c84392d84392 001040708ChemistryaALbALcChemistryd2021-02-17g20.00l0o547 BAHTp033616r2021-02-17 00:00:00w2021-02-17yBK